000 00965cam a2200253 4500
001 ws114673
008 010920n 000 0 eng u
035 _a(Sirsi) u114673
110 _aDepartment for Environment, Food and Rural Affairs
_94094
245 _aDEFRA : Water
520 _aWeb site for the Water and Land Directorate which is responsible for all aspects of water policy in England. Includes pages on drinking water, water regulation, environment issues and water quality.
650 _aGOVERNMENT
650 _aLAND AND WATER DIRECTORATE
650 _aEnvironment
_96238
650 _aWATER QUALITY
650 _aWATER METERS
650 _aWATER INDUSTRY ACT 1999
650 _aWATER SUPPLY (WATER FITTINGS) REGULATIONS 1999
650 _aPOLLUTION
650 _aDRINKING WATER
690 _aWATER
856 4 0 _uhttps://www.defra.gov.uk/environment/water/index.htm
_zView the website free of charge at www.defra.gov.uk...
942 _n0
999 _c119897
_d119897